Basic Football Quiz for Hannah - Statistics

General Stats
  • This quiz has been taken 12 times
  • The average score is 9 of 25
Answer Stats
Hint Answer % Correct
How many points is a kick after a touchdown worth? 1
78%
How many players are on a football field on one play? 22
78%
How many super bowls have the dallas cowboys won? 5
56%
How many points is a touchdown worth? 6
56%
Who primarily throws the football? Quarterback
56%
what color hat does the lead official wear? White
56%
What color jersey does the home team typically wear? White
56%
What is the part of the game called that is not defense or offense? Special Teams
44%
Who has the most career passing yards in the NFL? Tom Brady
44%
How many tries does a offense get to gain 10 yards? 4
33%
What college team does Nick Saban coach? Alabama
33%
Who has the most career rushing yards in the NFL? Emmitt Smith
33%
What is the name of the trophy given to the best college football player Heisman
33%
Who has the most career receiving yards in the NFL? Jerry Rice
33%
What is the last name of these quarterbacks? Peyton, Eli, Arch Manning
33%
What division do the Dallas Cowboys play in? NFC
33%
Who is the reining NFL MVP winner? Patrick Mahomes
33%
What quarterback played at Florida and was famous for being an outspoken christian? Tebow
33%
How long is a football field including the endzones? 120 Yards
22%
What NFL player historically broke Joe Theismann's leg, ending his career Lawrence Taylor
22%
What is the name of the oldest bowl game? Rose Bowl
22%
What conference do the Razorbacks play in? SEC
22%
What college did Patrick Mahomes play for? Texas Tech
22%
What is it called when an offensive player is tackled in his own endzone saftey
11%
What is the name of the stadium the dallas cowboys play in? Jerry's World
0%
No matching quizzes found
Score Distribution
Percent of People with Each Score
Percentile by Number Answered
Your Score History
You have not taken this quiz